00222nam a2200097Ia 4500008004100000100000900041245002800050260002200078942000700100999001700107190216s9999||||xx |||||||||||||| ||und|| aNull 0aHindi-Prerak Jeevaniyam bKerala Basha Inst cBK c18190d18190